banner koha

Influencia do estadio de maturacao e da cobertura com polietileno na conservacao de tomates frigorificados (Registro n. 155679)

MARC details
000 -LÍDER
campo de controle de tamanho fixo 00882nas a2200301 4500
001 - NÚMERO DE CONTROLE
campo de controle BR9703771
003 - IDENTIFICADOR DO NÚMERO DE CONTROLE
campo de controle BR-BrBNA
005 - DATA E HORÁRIO DA ÚLTIMA TRANSAÇÃO
campo de controle 20231205100357.0
007 - CAMPO FIXO DE DESCRIÇÃO FÍSICA--INFORMAÇÃO GERAL
campo de controle de tamanho fixo ta
008 - CAMPO DE DADOS FIXOS--INFORMAÇÃO GERAL
campo de controle de tamanho fixo 230509b bl.|||p| |||| 00| 00por d
040 ## - FONTE DA CATALOGAÇÃO
Instituição da catalogação original BR-BrBNA
Idioma da catalogação por
Instituição que transcreveu o registro Biblioteca Nacional de Agricultura
041 ## - CÓDIGO DE IDIOMA
Código do idioma do texto/trilha sonora ou título diferente (Pt)
072 ## - CÓDIGO DE CATEGORIA DE ASSUNTO
Código de Categoria de Assunto Q02
100 1# - ENTRADA PRINCIPAL--NOME PESSOAL
Nome pessoal Kluge, R.A.
100 1# - ENTRADA PRINCIPAL--NOME PESSOAL
Nome pessoal Rodrigues, D.S.
100 1# - ENTRADA PRINCIPAL--NOME PESSOAL
Nome pessoal Kalil, G.P.C.
100 1# - ENTRADA PRINCIPAL--NOME PESSOAL
Nome pessoal Russo, R.
100 1# - ENTRADA PRINCIPAL--NOME PESSOAL
Nome pessoal Lucas, M.B.
100 1# - ENTRADA PRINCIPAL--NOME PESSOAL
Nome pessoal Minami, K.
245 1# - TÍTULO
Título Influencia do estadio de maturacao e da cobertura com polietileno na conservacao de tomates frigorificados
650 ## - ASSUNTO--TERMO TÓPICO
Cabeçalho tópico ou nome geográfico Polietileno
650 ## - ASSUNTO--TERMO TÓPICO
Cabeçalho tópico ou nome geográfico Maturacao
650 ## - ASSUNTO--TERMO TÓPICO
Cabeçalho tópico ou nome geográfico Armazenamento
650 ## - ASSUNTO--TERMO TÓPICO
Cabeçalho tópico ou nome geográfico Tomate
773 0# - ENTRADA ANALÍTICA
Título Scientia Agricola (Brazil)
ISSN - International Standard Serial Number ISSN 0103-9016
Partes relacionadas (Jan-Apr 1996), v. 53(1) p. 6-13
Número de controle do registro BR9703771
909 ## -
-- 202311
-- Lúcia
-- 55
-- Lúcia Elande
942 ## - ELEMENTOS DE ENTRADA ADICIONADOS (KOHA)
Fonte da classificação ou esquema de arquivamento na estante Classificação AGRIS
Ocultar no OPAC Não
Tipo de material Koha Analítica
Exemplares
Situação do descarte Fonte da classificação ou esquema de arquivamento na estante Situação física Não pode ser emprestado Biblioteca de origem Biblioteca atual Localização na estante Enumeração do periódico / cronologia Total de empréstimos Data de último acesso Número do exemplar Tipo de material Koha Fonte de aquisição
  Classificação AGRIS   Consulta local Biblioteca Nacional de Agricultura - Binagri Biblioteca Nacional de Agricultura - Binagri   (Jan-Apr 1996), v. 53(1) p. 6-13   29/11/2023 01 Periódicos Portaria Interministerial nº 164/94

BINAGRI

Telefone: (61)3218-2567/2388/3357/2097 - binagri@agro.gov.br

Ministério da Agricultura e Pecuária , Esplanada dos Ministérios, Bloco D, Anexo B, Brasília/DF, CEP: 70.043-900